| 000 | 00757cab a2200193 4500 | ||
|---|---|---|---|
| 001 | ABS36889 | ||
| 008 | 090401t1986 xxu||||| |||| 00| 0 eng d | ||
| 035 | _a(Sirsi) u889 | ||
| 041 | _aeng | ||
| 100 | _aBowie, N. | ||
| 245 | _aFurther thoughts on the market | ||
| 260 | _c1986 | ||
| 350 | _a0 | ||
| 490 |
_aEstates Gazette _v279(6301) 13 September 1986, 1071-1073 (2) |
||
| 520 | _aSuccessful planning for investment policy in property depends on a range of economic factors . The author examines areas to be considered when planning investment and assesses the scene as a whole. Attention is also given to investing in the leisure market, outlining problems and solutions. | ||
| 690 | _aPROPERTY LAW AND PRACTICE | ||
| 942 | _n0 | ||
| 948 | _c04/03/1997 | ||
| 999 |
_c496 _d496 |
||